00335pam a2200145a 44500008004100000020000900041041000800050082001000058100001400068245004800082250000600130260003600136300000800172650000900180230515b2003 xxu||||| |||| 00| 0 eng d aNULL aENG a618.2 aH U Doshi aClinical cases in obstetrics and Gynecology a0 aNULLb"Arnold , London, "c2003 a324 aN.D.